000 00197nam a22000857a 4500
082 _a823
100 _aUNKNOWN
245 _aA GUIDE TO FEELING GOOD & LIVING LONGER
_bINCREASE YOURLIFE SCORE
942 _cBK
999 _c8078
_d8078